000
00323nam a22001337a 4500
008
181009b xxu||||| |||| 00| 0 eng d
020
_a
0275242307
041
_a
eng
080
_a
316
100
_a
50
101
_a
SOC
245
_a
Possible Trouble An Analysis Social Problems
_c
Hartjen.C.A
942
_2
udc
_c
BK
999
_c
49229
_d
49229